000 00702nam a2200229Ia 4500
005 20241216010046.0
008 180423s9999||||xx |||||||||||||| ||und||
020 _a84-329-8631-3
082 _a370.115
_bS23
100 _aSARRAMONA, JAUME
245 0 _aCOMO ENTENDER Y APLICAR LA DEMOCRACIA EN LA ESCUELA
_bDEMOCRACIA Y SISTEMA EDUCATIVO, FINALIDADESY ESTRATEGIAS, LA ESCUELA COMO INSTITUCION DEMOCRATICA
250 _a0
260 _aBARCELONA-ESPAÑA
_bCEAC S.A.
_c1993
300 _a81 pag.
_c21 cm
341 _h0
490 _v0
_a0
505 _aEDUCACION/DEMOCRACIA/ESCUELA/ESTRATEGIA
541 _aC
_d05-Sep-01
650 _aCIENCIAS SOCIALES
856 _zHumanidades
942 _cLIBRO
999 _c4439
_d4439